<?xml version="1.0" encoding="UTF-8"?>
<record
    xmlns:xsi="http://www.w3.org/2001/XMLSchema-instance"
    xsi:schemaLocation="http://www.loc.gov/MARC21/slim http://www.loc.gov/standards/marcxml/schema/MARC21slim.xsd"
    xmlns="http://www.loc.gov/MARC21/slim">

  <leader>00918nam a22002417a 4500</leader>
  <datafield tag="999" ind1=" " ind2=" ">
    <subfield code="c">17416</subfield>
    <subfield code="d">17416</subfield>
  </datafield>
  <controlfield tag="003">AUA.1</controlfield>
  <controlfield tag="005">20191127153131.0</controlfield>
  <controlfield tag="008">161201b        xxu||||| |||| 00| 0 eng d</controlfield>
  <datafield tag="020" ind1=" " ind2=" ">
    <subfield code="a">9781554525782 (pbk.) </subfield>
  </datafield>
  <datafield tag="020" ind1=" " ind2=" ">
    <subfield code="a">1554525780</subfield>
  </datafield>
  <datafield tag="035" ind1=" " ind2=" ">
    <subfield code="a">(OCoLC)701243892</subfield>
  </datafield>
  <datafield tag="040" ind1=" " ind2=" ">
    <subfield code="b">eng</subfield>
    <subfield code="c">JTL</subfield>
    <subfield code="d">JTL</subfield>
  </datafield>
  <datafield tag="050" ind1=" " ind2=" ">
    <subfield code="a">BT736.2 </subfield>
    <subfield code="b">.S56 2011</subfield>
  </datafield>
  <datafield tag="245" ind1=" " ind2=" ">
    <subfield code="a">Should I fight? :</subfield>
    <subfield code="b">essays on conscientious objection and theSeven-Day Adventist Church /</subfield>
    <subfield code="c">edited by Barry W. Bussey. </subfield>
  </datafield>
  <datafield tag="260" ind1=" " ind2=" ">
    <subfield code="a">Belleville, Ont. :</subfield>
    <subfield code="b">Guardian Books,</subfield>
    <subfield code="c">2011. </subfield>
  </datafield>
  <datafield tag="300" ind1=" " ind2=" ">
    <subfield code="a">416 p. :</subfield>
    <subfield code="b">ill. ;</subfield>
    <subfield code="c">21 cm. </subfield>
  </datafield>
  <datafield tag="504" ind1=" " ind2=" ">
    <subfield code="a">Includes bibliographical references. </subfield>
  </datafield>
  <datafield tag="650" ind1=" " ind2=" ">
    <subfield code="a">War|xReligious aspects</subfield>
    <subfield code="x">Christianity.  </subfield>
  </datafield>
  <datafield tag="650" ind1=" " ind2=" ">
    <subfield code="a"> War|</subfield>
    <subfield code="x">Religious aspects </subfield>
    <subfield code="x">Seventh-day Adventists. </subfield>
  </datafield>
  <datafield tag="650" ind1=" " ind2=" ">
    <subfield code="a">Conscientious objection</subfield>
    <subfield code="x">Religious aspects</subfield>
    <subfield code="x">Seventh-day </subfield>
  </datafield>
  <datafield tag="700" ind1=" " ind2=" ">
    <subfield code="a"> Bussey, Barry W.,</subfield>
    <subfield code="d">1965-</subfield>
  </datafield>
  <datafield tag="942" ind1=" " ind2=" ">
    <subfield code="2">lcc</subfield>
    <subfield code="c">DWBSLC</subfield>
    <subfield code="h">BT 736.2 </subfield>
    <subfield code="i">.S56 2011</subfield>
  </datafield>
  <datafield tag="952" ind1=" " ind2=" ">
    <subfield code="0">0</subfield>
    <subfield code="1">0</subfield>
    <subfield code="2">lcc</subfield>
    <subfield code="4">0</subfield>
    <subfield code="7">0</subfield>
    <subfield code="8">DWBSLC</subfield>
    <subfield code="a">AUA.1</subfield>
    <subfield code="b">AUA.1</subfield>
    <subfield code="c">SPEC</subfield>
    <subfield code="d">2016-12-01</subfield>
    <subfield code="e">Donation, Dr. Delbert Baker</subfield>
    <subfield code="g">10.00</subfield>
    <subfield code="h">AUA20863</subfield>
    <subfield code="o">BT 736.2  .S56 2011</subfield>
    <subfield code="p">AUA20863</subfield>
    <subfield code="r">2016-12-01 00:00:00</subfield>
    <subfield code="v">10.00</subfield>
    <subfield code="w">2016-12-01</subfield>
    <subfield code="y">DWBSLC</subfield>
  </datafield>
</record>
